Chimie de A à Z - Lettre A - Statistiques

Statistiques générales
  • Ce quiz a été pris 402 fois
  • Le résultat moyen est 8 sur 20
Statistiques - réponses
Hint Réponse % Correct
Élément chimique majoritaire dans l'atmosphère terrestre. Azote
88%
Symbole d'un métal noble, tiré du latin aurum. Au
84%
A donné son nom à une constante définissant la mole. Avogadro
78%
Gaz noble dont le nom vient du grec ancien signifiant "paresseux". Argon
60%
Électrode siège d'une oxydation. Anode
57%
Grandeur sans unité utilisée en spectroscopie UV-visible. Absorbance
53%
Il en existe de Lewis ou de Brønsted. Acide
45%
Verrerie utilisée pour la séparation de deux liquides. Ampoule à décanter
45%
Type de fonction chimique portant un groupe carbonyle. Aldéhyde
44%
Grandeur décrivant la progression d'une transformation chimique. Avancement
39%
Terme désignant une espèce à la fois acide et base. Amphotère
36%
A la fois hydrophile et lipophile. Amphiphile
31%
Terme provenant du grec ancien qui signifie "insécable". Atome
31%
Famille d'éléments s'enflammant au contact de l'eau. Alcalin
29%
Cycle plan à 4n + 2 électrons délocalisés. Aromatique
23%
Famille du tableau périodique comprenant l'uranium. Actinide
21%
Point particulier d'un diagramme binaire liquide-vapeur non idéal. Azéotrope
21%
Prix Nobel de Chimie en 1903 ayant donné son nom à une loi permettant de relier la constante de vitesse d'une réaction à la température. Arrhénius
20%
A contribué à la découverte d'une réaction célèbre entre un diène et un diénophile. Alder
18%
Se dit d'un polymère dont l'agencement des groupes latéraux dans l'espace ne présente aucune régularité. Atactique
7%
Aucun quiz correspondant
Distribution des résultats
% des personnes avec chaque résultat
Percentile par nombre de réponses
Votre historique - résultats
Vous n’avez pas pris ce quiz